| 000 | 00648nam a2200133Ia 4500 | ||
|---|---|---|---|
| 008 | 171212s9999 xx 000 0 und d | ||
| 020 | _a9780833087591 | ||
| 100 | _aLong, Austin;Helmus, Todd C.;Zimmerman, S. Rebecca;Schnaubelt, Christopher M.;Chalk, Peter | ||
| 245 |
_cLong, Austin;Helmus, Todd C.;Zimmerman, S. Rebecca;Schnaubelt, Christopher M.;Chalk, Peter _aBuilding Special Operations Partnerships in Afghanistan and Beyond _bChallenges and Best Practices from Afghanistan, Iraq, and Colombia |
||
| 260 |
_bRAND Corporation _c2015 |
||
| 440 | _aResearch Reports | ||
| 650 | _aBusiness | ||
| 856 | _uhttp://jstor.org/stable/10.7249/j.ctt16t8z8q | ||
| 999 |
_c351820 _d351820 |
||